| 000 | 00723nam a22002175i 4500 | ||
|---|---|---|---|
| 001 | 48215 | ||
| 003 | ES-MaACL | ||
| 005 | 20230906161720.0 | ||
| 007 | t| | ||
| 008 | 950707s1892 be ||||1| fre d | ||
| 040 |
_aCAM _bspa _cCAM |
||
| 100 | 1 |
_aChauvin, Victor. _938231 |
|
| 245 | 1 | 0 |
_aBibliographie des ouvrages arabes ou relatifs aux arabes publiés dans l'Europe chrétienne de 1810 á 1885 / _cpar Victor Chauvin. |
| 260 |
_aLiége : _b[s.n.], _c1892 ( _fimprimerie H. Vaillant-Carmanne) |
||
| 300 |
_a11 v. ; _c26 cm. |
||
| 650 | 4 |
_aLiteratura árabe- _vBibliografías. _9136438 |
|
| 655 | 7 |
_2tgfbne _9226825 _aBibliografías |
|
| 852 |
_aES-MaACL _jG-6479-89 |
||
| 942 | _2udc | ||
| 999 |
_c48215 _d48215 |
||